| 000 | 00578nam a2200217 a 4500 | ||
|---|---|---|---|
| 001 | nice12345678 | ||
| 003 | IN_TiNIC | ||
| 005 | 20260116011857.0 | ||
| 008 | 080118s1978 lona grp 000 0 eng | ||
| 020 |
_a _c100 |
||
| 082 | 0 | 0 |
_a030 _bREA |
| 245 | _aReaders Digest Library of Modern Knowledge | ||
| 260 |
_aLondon _bReaders Digest Association Limited _c1978 |
||
| 300 | _a416p | ||
| 500 | _aincludes index and biblioraphy | ||
| 650 | _aEncyclopaedia-Britannica | ||
| 710 | 2 | _aReaders Digest Association Limited | |
| 902 | _bRHR | ||
| 942 | _cBK | ||
| 999 |
_c4654 _d4654 |
||